| 000 | 01848nam2a2200277 4500 | ||
|---|---|---|---|
| 001 | rc\2859583 | ||
| 005 | 20241228103132.0 | ||
| 035 | _a(NLR Aleph) 007203733 | ||
| 090 |
_a13628458 _c13628458 |
||
| 100 | _a20110709d1936 |||y0rusy50 ca | ||
| 101 | 0 | _arus | |
| 102 | _aRU | ||
| 105 | _achaaz ||||| | ||
| 200 | 1 |
_aПроизведения 1909-1910 _fРед. А.П. Никифоров, Б.М. Эйхенбаум, В.С. Шохор-Троцкая |
|
| 210 |
_aМосква _cХудож. лит. _d1936 _eЛенинград _gтип. "Ленингр. правда" |
||
| 215 |
_aСуп.-обл., пер., XI, 616 с., 4 вкл. л. портр. и факс. _cсхем., портр., факс. |
||
| 461 | 0 |
_1001rc\2859546 _12001#$aПолное собрание сочинений$eЮбилейное издание. (1828-1928)$hСерия 1$iПроизведения. Т. 1-$fЛ.Н. Толстой$gПод общ. ред. В.Г. Черткова$gПри участии Редакторского ком. в составе А. Л. Толстой, А. Е. Грузинского, Н. Н. Гусева ... [и др.]$gИздание осуществляется под наблюдением Гос. ред. комиссии в составе А. В. Луначарского, В. Д. Бонч-Бруевича, М. Н. Покровского и И. И. Степанова-Скворцова$vТ. 38 _1700#1$aТолстой$bЛ. Н.$gЛев Николаевич$f1828-1910$3RU\NLR\AUTH\771515 |
|
| 702 | 1 |
_aНикифоров _bА. П. _4340 |
|
| 702 | 1 |
_aЭйхенбаум _bБ. М. _f1886-1959 _gБорис Михайлович _3RU\NLR\auth\7720076 _4340 |
|
| 702 | 1 |
_aШохор-Троцкая _bВ. С. _4340 |
|
| 801 | 0 |
_aRU _bNLR _gpsbo |
|
| 801 | 1 |
_aRU _bELAR _2rusmarc |
|
| 852 |
_aNLR _bЛ _j30 Г-7/109 |
||
| 942 | _cBOOK | ||
| 980 | _aNB | ||